000 00241nam a2200109Ia 4500
008 220204s9999 xx 000 0 und d
082 _a82-7
_bLAX
100 _aLaxman
245 0 _aYou said it. 5
260 _aBombay
_bIBH
_c1978
942 _cBK
999 _c33572
_d33572